000 00708nam a2200253Ia 4500
001 1109
005 20240113233445.0
007 ta
008 050201s2000 a g b000 u eng u
020 _a0-95229-760-2
040 _aRef. stack
041 _aeng
082 _a030.954
_bEBI
100 _aEncyclopaedia Britannica, .
245 0 _aStudents` britannica India /
_cEncyclopaedia Britannica ed.
_hTextual Documents
250 _a1st ed /
260 _aNew Delhi :
_bEncyclopaedia Britannica ,
_cc2000.
300 _a406p. :
_bill ;
_c29cm
_e21cm. .
362 _aVol.3-
653 _aEncyclopaedia - student - britannica - India
942 _2ddc
_cBK
999 _c1107
_d1107